000
00233nam a2200097Ia 4500
001
705805
005
20250826162437.0
008
250824s9999 xx 000 0 und d
245
0
_a
KELİLE VE DİMNE
_c
BEYDEBA
260
_b
ŞULE YAYINLARI
999
_c
705805
_d
705805